[Event "Oberpfalz-ch M3"]
[Site "Roding"]
[Date "2010.03.30"]
[Round "8"]
[White "Lehnert, Amalie"]
[Black "Gebhardt, Lukas"]
[Result "1/2-1/2"]
[WhiteElo "1041"]
[BlackElo "1042"]
[PlyCount "60"]
[EventDate "2010.03.27"]
[EventType "swiss"]
[EventRounds "8"]
[EventCountry "GER"]
[SourceTitle "EXT 2012"]
[Source "ChessBase"]
[SourceDate "2011.11.24"]
[SourceVersion "1"]
[SourceVersionDate "2011.11.24"]
[SourceQuality "1"]

1. e4 c6 2. Nf3 d5 3. e5 Bg4 4. Be2 e6 5. d4 c5 6. h3 Bxf3 7. Bxf3 cxd4 8. Qxd4 Nc6 9. Qe3 Bb4+ 10. c3 Ba5 11. 0-0 Nge7 12. Rd1 Bb6 13. Qf4 Ng6 14. Qg3 Bc7 15. Bg5 f6 16. Qg4 Qe7 17. exf6 gxf6 18. Be3 0-0 19. b4 Nce5 20. Qh5 Nxf3+ 21. Qxf3 Kh8 22. Na3 a6 23. Nc2 Ne5 24. Qe2 Qg7 25. f4 Nc4 26. Nd4 Nxe3 27. Qxe3 Rg8 28. Rd2 Bb6 29. Qxe6 Bxd4+ 30. cxd4 Rge8 1/2-1/2